000 00487nam a2200169 i 4500
001 39156
003 ES-MaACL
005 20230906155912.0
007 t|
008 030227s1968 sp ||||1| spa d
100 1 _aCampillo, Joaquín.
_934167
245 1 0 _aFundamentos de psicología general y evolutiva /
_cJoaquín Campillo.
250 _a1ª ed.
260 _aBurgos :
_bHijos de Santiago Rodríguez,
_c1968.
300 _a295 p. ;
_c24 cm.
852 _aES-MaACL
_jC-35786
_bR.68876
999 _c39156
_d39156